TCP/IP služby v novellovskom prostredí = TCP/IP services in Novell netware : Dipl.práca

Na minha lista:
Detalhes bibliográficos
Autor principal: Dvoran, Roman (Author)
Outros Autores: Kotočová, Margaréta (Thesis advisor)
Formato: Manuscrito Livro
Idioma:eslovaco
Publicado em: Bratislava : STU v Bratislave FEI, 1998
Assuntos:
Tags: Adicionar Tag
Sem tags, seja o primeiro a adicionar uma tag!

MARC

LEADER 00000ntm a22000003a 4500
001 stu50271
005 20180423123347.3
008 990715s1998------------------------slo-d
040 |a STU  |b slo 
041 0 |a slo 
100 1 |a Dvoran, Roman  |4 aut 
245 1 |a TCP/IP služby v novellovskom prostredí = TCP/IP services in Novell netware :  |b Dipl.práca 
260 |a Bratislava :  |b STU v Bratislave FEI,  |c 1998 
300 |a 38 s., 47 s 
650 7 |a informatika  |2 stusub 
700 1 |a Kotočová, Margaréta  |4 ths  |u 070100  |U FIIT Fakulta informatiky a informačných technológií  |T FIIT Ústav počítačových systémov a sietí  |X 2014  |U I100  |Y 178  |7 A000002014 
996 |b EDIPL-5743  |c I*DIPL-5743  |l II680  |s A  |a 24  |w stu50271_0001